Welcome to CU Library Online Public Access Catalogue (OPAC)

Pharmaceutical statistics : (Record no. 4846)

MARC details
000 -LEADER
fixed length control field 00896cam a22002534a 4500
001 - CONTROL NUMBER
control field 15927162
005 - DATE AND TIME OF LATEST TRANSACTION
control field 20250314202017.0
007 - PHYSICAL DESCRIPTION FIXED FIELD--GENERAL INFORMATION
fixed length control field co ugu||||||||
008 - FIXED-LENGTH DATA ELEMENTS--GENERAL INFORMATION
fixed length control field 090923s2010 nyua b 001 0 eng
020 ## - INTERNATIONAL STANDARD BOOK NUMBER
International Standard Book Number 9781420074222 (hardcover : alk. paper)
020 ## - INTERNATIONAL STANDARD BOOK NUMBER
International Standard Book Number 1420074229 (hardcover : alk. paper)
050 00 - LIBRARY OF CONGRESS CALL NUMBER
Classification number RS57
Item number .B65 2010
082 00 - DEWEY DECIMAL CLASSIFICATION NUMBER
Classification number 615/.1072
Edition information 22
100 1# - MAIN ENTRY--PERSONAL NAME
Personal name Bolton, Sanford,
Dates associated with a name 1929-
245 10 - TITLE STATEMENT
Title Pharmaceutical statistics :
Remainder of title practical and clinical applications / v203
Statement of responsibility, etc. Sanford Bolton, Charles Bon.
250 ## - EDITION STATEMENT
Edition statement 5th ed.
260 ## - PUBLICATION, DISTRIBUTION, ETC.
Place of publication, distribution, etc. New York :
Name of publisher, distributor, etc. Informa Healthcare USA,
Date of publication, distribution, etc. c2010.
300 ## - PHYSICAL DESCRIPTION
Extent xv, 656 p. :
Other physical details ill. ;
Dimensions 27 cm. +
Accompanying material 1 CD-ROM (4 3/4 in.).
650 #0 - SUBJECT ADDED ENTRY--TOPICAL TERM
Topical term or geographic name entry element Pharmacy
General subdivision Statistical methods.
650 12 - SUBJECT ADDED ENTRY--TOPICAL TERM
Topical term or geographic name entry element Pharmacy
General subdivision methods
Form subdivision Laboratory Manuals.
650 22 - SUBJECT ADDED ENTRY--TOPICAL TERM
Topical term or geographic name entry element Statistics as Topic
Form subdivision Laboratory Manuals.
700 1# - ADDED ENTRY--PERSONAL NAME
Personal name Bon, Charles,
Dates associated with a name 1949-
942 ## - ADDED ENTRY ELEMENTS (KOHA)
Source of classification or shelving scheme Library of Congress Classification
Koha item type Books
Edition 5th ed.
Suppress in OPAC No
999 ## -
-- 4846
-- 4846
Holdings
Withdrawn status Lost status Source of classification or shelving scheme Damaged status Not for loan Collection Home library Current library Shelving location Date acquired Total checkouts Full call number Barcode Date last seen Copy number Price effective from Koha item type
    Library of Congress Classification     Non-fiction Science Library (Miotso) Science Library (Miotso) General stacks 03/14/2025   RS57 .B65 BOL SLM00004286 03/14/2025 1 03/14/2025 Books
    Library of Congress Classification     Non-fiction Science Library (Miotso) Science Library (Miotso) General stacks 03/14/2025   RS57 .B65 BOL SLM00004287 03/14/2025 2 03/14/2025 Books
© 2023-2024 Copyright: Central University Libraries. All Rights Reserved | Created by: Mahone Tech Office